[Event "FSIMB March"]
[Site "Budapest HUN"]
[Date "2001.03.11"]
[Round "8"]
[White "Goczo,M"]
[Black "Gladyszev,O"]
[Result "1/2-1/2"]
[WhiteElo "2185"]
[BlackElo "2345"]

1.d4 Nf6 2.Nf3 g6 3.c4 Bg7 4.g3 O-O 5.Bg2 d6 6.O-O Nc6 7.d5 Na5 8.Nfd2 c5
9.Nc3 a6 10.Rb1 Rb8 11.b4 cxb4 12.Rxb4 Qc7 13.Bb2 Nd7 14.Qa1 Bh6 15.e3 Ne5
16.c5 Nd3 17.cxd6 exd6 18.Nce4 f5 19.Nf6+ Rxf6 20.Bxf6 Nxb4 21.Qc3 Qxc3 22.Bxc3 Nac6
23.dxc6 Nxc6 24.Rb1 Ne7 25.Rb6 d5 26.Be5 Ra8 27.Nb1 Bg7  1/2-1/2

[Event "FSIMB March"]
[Site "Budapest HUN"]
[Date "2001.03.13"]
[Round "10"]
[White "Goczo,M"]
[Black "Resika,N"]
[Result "1-0"]
[WhiteElo "2185"]
[BlackElo "2288"]

1.d4 d6 2.Nf3 g6 3.c4 Bg7 4.g3 Nf6 5.Bg2 O-O 6.O-O Nc6 7.Nc3 Rb8 8.Qc2 Bd7
9.Rd1 a6 10.e4 b5 11.cxb5 axb5 12.e5 dxe5 13.dxe5 Ng4 14.e6 fxe6 15.Bh3 Nce5
16.Nxe5 Nxe5 17.Bxe6+ Bxe6 18.Rxd8 Nf3+ 19.Kh1 Rbxd8 20.Bf4 b4 21.Ne4 Bd5
22.Kg2 Nd4 23.Qd3 Ne6 24.Be3 c5 25.Kg1 Bxb2 26.Rf1 c4 27.Qb1 c3 28.Nd2 Ra8
29.Nb3 Rfd8 30.h4 Bf3 31.Re1 Rd6 32.Kh2 Rad8 33.Qc2 Rd3 34.Bb6 Rd2 35.Nxd2 cxd2
36.Rd1 Bxd1 37.Qxd1 Rd6 38.Be3 Bc3 39.Kg2 Nd4 40.Bf4 Rd5 41.Bxd2 e6 42.Qe1 Bxd2
43.Qxd2 b3 44.a4 e5 45.Qc3 Kf7 46.Qc7+ Kf6 47.Qb7 Rc5 48.Qb6+ Rc6 49.Qb7 Rc5
50.Qb6+ Rc6 51.Qb8 Rc2 52.a5 Ra2 53.a6 Ne6 54.Qxb3 Rxa6 55.Qf3+ Nf4+ 56.gxf4 Re6
57.fxe5+ Kxe5 58.Qb7 h5 59.f4+ Kd6 60.f5  1-0

[Event "Open"]
[Site "Kazimierz Dolny POL"]
[Date "2001.03.13"]
[Round "4"]
[White "Borovikov,V"]
[Black "Praszak,M"]
[Result "1-0"]
[WhiteElo "2544"]
[BlackElo "2208"]

1.d4 d6 2.Nf3 Nf6 3.c4 g6 4.g3 Bg7 5.Bg2 O-O 6.O-O Nc6 7.Nc3 Bd7 8.d5 Na5
9.Nd2 Ng4 10.Qc2 Ne5 11.b3 c6 12.Bb2 Rc8 13.Rad1 cxd5 14.Nxd5 b5 15.f4 Ng4
16.Bxg7 Kxg7 17.Qb2+ f6 18.h3 Nh6 19.cxb5 e6 20.b4 Nc4 21.Nxc4 Rxc4 22.Nc3 Nf5
23.Rd3 Qb6+ 24.Rf2 d5 25.e4 d4 26.exf5 Rxc3 27.Rxc3 dxc3 28.Qxc3 gxf5 29.a4 Rc8
30.Qd2 Be8 31.Kh2 Rd8 32.Qb2 Rd1 33.Rf1 Rd4 34.Re1 Bf7 35.Qc3 Qd8 36.Re2 Rd1
37.Qc5 Qd7 38.a5 Bh5 39.Rc2 Bf7 40.b6 axb6 41.axb6 Qe8 42.b7 e5 43.Qc8 Rd8
44.b8=Q  1-0

[Event "1st Masters"]
[Site "Pinamar ARG"]
[Date "2001.03.13"]
[Round "6"]
[White "Panno,O"]
[Black "Szmetan,J"]
[Result "1-0"]
[WhiteElo "2458"]
[BlackElo "2394"]

1.d4 Nf6 2.Nf3 g6 3.c4 Bg7 4.g3 O-O 5.Bg2 d6 6.O-O Nc6 7.Nc3 a6 8.Re1 Rb8
9.Rb1 Bf5 10.e4 Bg4 11.Be3 Re8 12.Qd3 Nd7 13.Nd2 e5 14.d5 Nd4 15.b4 Nf8 16.f3 Bd7
17.c5 Qe7 18.Nb3 Nxb3 19.Rxb3 Bc8 20.a4 f5 21.Qc4 h5 22.b5 axb5 23.Nxb5 dxc5
24.Bxc5 Qf7 25.Ba7 Ra8 26.Qxc7 Re7 27.Qc2 Bd7 28.Bc5 Bxb5 29.Rxb5 Rc7 30.Qb3 Rac8
31.Bf2 Rc3 32.Qb1 R8c7 33.Bb6 R7c4 34.Ba5 Ra3 35.Bb4 Rxa4 36.Qb3 Raxb4 37.Rxb4 Rxb4
38.Qxb4  1-0

[Event "Open"]
[Site "Kazimierz Dolny POL"]
[Date "2001.03.15"]
[Round "6"]
[White "Bogocki,C"]
[Black "Kupczyk,E"]
[Result "0-1"]
[WhiteElo "2022"]
[BlackElo "2010"]

1.d4 Nf6 2.Nf3 g6 3.c4 Bg7 4.g3 O-O 5.Bg2 d6 6.O-O Nc6 7.Nc3 e5 8.d5 Ne7
9.e4 Ne8 10.b4 h6 11.a4 f5 12.Re1 Nf6 13.Nd2 Bd7 14.c5 Qc8 15.Nc4 f4 16.Qb3 Ne8
17.f3 Bh3 18.Bh1 Kh7 19.Ba3 Rf6 20.b5 b6 21.cxd6 cxd6 22.Rac1 Qd7 23.Na2 h5
24.Nb4 Nc8 25.Nc6 Rf7 26.Bb2 g5 27.Bxe5 dxe5 28.N4xe5 Bxe5 29.Nxe5 Qc7 30.Nxf7 Qxf7
31.e5 Bf5 32.Bg2 Ne7 33.Red1 Rd8 34.e6 Qf6 35.Bf1 Qe5 36.Qc3 Qxc3 37.Rxc3 Rxd5
38.Ra1 fxg3 39.hxg3 Kg6 40.a5 Bxe6 41.axb6 axb6 42.Ra6 Rd6 43.Rd3 Nc8 44.Rc3 Rd1
45.Kf2 Kf6 46.Be2 Rh1 47.Kg2 Rb1 48.Rc6 Rb2 49.Kf1 Ned6 50.Ra4 Nxb5 51.f4 Nbd6
52.Rd4 Nf5 53.fxg5+ Kxg5 54.Rd3 Ng7 55.Re3 Bd7 56.Rc7 Rd2 57.Rd3 Bh3+ 58.Ke1 Rxd3
59.Bxd3 Ne8 60.Ba6 Nxc7  0-1

[Event "1st Masters"]
[Site "Pinamar ARG"]
[Date "2001.03.15"]
[Round "8"]
[White "Panno,O"]
[Black "Roselli Mailhe,B"]
[Result "1/2-1/2"]
[WhiteElo "2458"]
[BlackElo "2400"]

1.d4 Nf6 2.Nf3 g6 3.c4 Bg7 4.g3 O-O 5.Bg2 d6 6.O-O Nc6 7.d5 Na5 8.Qa4 c5
9.Bd2 b6 10.Bc3 Qe8 11.Qxe8 Nxe8 12.Nfd2 Nc7 13.Rc1 Bd7 14.e3 Rfb8 15.a3 a6
16.Bf1 Bxc3  1/2-1/2

[Event "TCh-SVK"]
[Site "SVK"]
[Date "2001.03.18"]
[Round "11"]
[White "Kolesar,Mil"]
[Black "Hlinka,M"]
[Result "1-0"]
[WhiteElo "2158"]
[BlackElo "2248"]

1.Nf3 Nf6 2.c4 g6 3.g3 Bg7 4.Bg2 d6 5.d4 O-O 6.O-O Nbd7 7.Qc2 e5 8.Rd1 Re8
9.Nc3 c6 10.b3 exd4 11.Nxd4 Qa5 12.h3 d5 13.cxd5 Nxd5 14.Nxd5 cxd5 15.Bb2 Nf6
16.Rdc1 Ne4 17.e3 h5 18.Ne2 Bxb2 19.Qxb2 Bd7 20.Nc3 Bc6 21.b4 Qb6 22.Bxe4 dxe4
23.Rab1 a6 24.a4 Rad8 25.b5 axb5 26.axb5 Bd5 27.Qb4 Qe6 28.Kh2 Qf5 29.Rb2 Be6
30.Nxe4 Qxh3+ 31.Kg1 Bd5 32.Nf6+ Kh8 33.e4 Be6 34.Qc3 Rc8 35.Qe3 Rxc1+ 36.Qxc1 Rc8
37.Qh6+  1-0

[Event "Open"]
[Site "Bad Woerishofen GER"]
[Date "2001.03.21"]
[Round "7"]
[White "Filippov,V"]
[Black "Roeder,M"]
[Result "1/2-1/2"]
[WhiteElo "2619"]
[BlackElo "2456"]

1.d4 Nf6 2.c4 g6 3.g3 Bg7 4.Bg2 O-O 5.Nf3 d6 6.Nc3 c6 7.O-O Qa5 8.e4 Bg4
9.Qb3 Nbd7 10.Be3 Qh5 11.Nd2 Bh3 12.f3 e5 13.d5 Bh6 14.Bxh6 Qxh6 15.Bxh3 Qxh3
16.Qxb7 Qh6 17.Nb3 cxd5 18.Nxd5 a5 19.Nxf6+ Nxf6 20.Qe7 Qe3+ 21.Kh1 a4 22.Rae1 Qg5
23.f4 exf4 24.gxf4 Qh4 25.Nd2 Rfe8 26.Qc7 Rab8 27.b3 axb3 28.axb3 Ra8 29.Qb6 Ra2
30.Qf2 Qh3 31.Re3 Qh5 32.Qg2 Kg7 33.Rfe1 Nxe4 34.Rxe4 Rxe4 35.Rxe4 Qd1+ 36.Qg1 Qxd2
37.Qd4+ Qxd4 38.Rxd4 Rb2 39.Rxd6 Rxb3 40.Kg2 Rc3 41.Rc6 Kh6 42.f5 Kg5 43.Rc7  1/2-1/2

[Event "17th Spring Festival"]
[Site "Budapest HUN"]
[Date "2001.03.24"]
[Round "9"]
[White "Chetverik,M"]
[Black "Resika,N"]
[Result "1-0"]
[WhiteElo "2343"]
[BlackElo "2288"]

1.d4 g6 2.c4 Bg7 3.g3 Nf6 4.Nf3 O-O 5.Bg2 d6 6.O-O Nc6 7.d5 Na5 8.Nfd2 c5
9.a3 Qc7 10.Ra2 a6 11.Qc2 b6 12.b4 Nb7 13.Bb2 Bd7 14.Rc1 cxb4 15.axb4 a5
16.b5 Rac8 17.h3 Nc5 18.Nc3 Bh6 19.f4 e5 20.dxe6 fxe6 21.Kh2 d5 22.e3 Rce8
23.Ne2 e5 24.cxd5 exf4 25.Nxf4 Bf5 26.Qc4 Qd6 27.Ra3 Rc8 28.Qd4 Bg7 29.Nc4 Qd7
30.Nxb6 Qxb5 31.Nxc8 Qxb2 32.Ne7+ Kh8 33.Qxc5 Ne4 34.Rc2 Nxc5 35.Rxb2 Bxb2
36.Rxa5 Ne4 37.Nxf5 gxf5 38.Bxe4 fxe4 39.Ra4 Re8 40.Ne6 Rc8 41.h4 h5 42.Rxe4 Rc2+
43.Kh3 Rf2 44.Nf4 Kg8 45.Re6 Kf7 46.e4  1-0

[Event "Open"]
[Site "Bled SLO"]
[Date "2001.03.29"]
[Round "6"]
[White "Vorobyov,Y"]
[Black "Jovan,R"]
[Result "1-0"]
[WhiteElo "2327"]
[BlackElo "2125"]

1.Nf3 Nf6 2.d4 g6 3.c4 Bg7 4.g3 O-O 5.Bg2 d6 6.O-O c5 7.Nc3 Nc6 8.d5 Na5
9.Qd3 a6 10.e4 Nd7 11.Nd2 Ne5 12.Qe2 Rb8 13.h3 f5 14.f4 Nf7 15.exf5 Bxf5
16.a4 h5 17.Ra3 Qd7 18.Kh2 Bf6 19.Nce4 Kg7 20.Nxf6 exf6 21.b3 Rfe8 22.Qf3 Qe7
23.g4 hxg4 24.hxg4 Bd7 25.g5 Qe3 26.Qxe3 Rxe3 27.Bb2 Bf5 28.Bxf6+ Kg8 29.Rf3 Rbe8
30.Kg3 Re2 31.Bc3 b6 32.Ra1 R8e3 33.Bf1 Re1 34.Kf2 Rxf3+ 35.Kxf3 Rxa1 36.Bxa1 Bc2
37.Bf6 Nxb3 38.Nxb3 Bxb3 39.Bd3 Kf8 40.Bxg6 Bxc4 41.Be4 Bb3 42.a5 b5 43.Kg4 b4
44.Kf5 Ba4 45.Bd3 Bd7+ 46.Kg6 Bc8 47.Kh7 c4 48.g6 Nh6 49.Bxc4 Ng8 50.Bg7+ Ke7
51.Kxg8 Bf5 52.Bf8+  1-0

[Event "Wotulo Mem"]
[Site "Jakarta INA"]
[Date "2001.03.29"]
[Round "9"]
[White "Hulak,K"]
[Black "Praytino,S"]
[Result "1/2-1/2"]
[WhiteElo "2546"]
[BlackElo "2391"]

1.d4 Nf6 2.c4 g6 3.g3 Bg7 4.Bg2 O-O 5.Nf3 d6 6.O-O Nc6 7.Nc3 e5 8.d5 Ne7
9.c5 Ne8 10.cxd6 cxd6 11.a4 h6 12.Nd2 f5 13.Nc4 g5 14.Bd2 Ng6 15.Qc2 Rf7
16.Rac1 Bf8 17.Nb5 h5 18.Be3 b6 19.a5 bxa5 20.Ra1 Ba6 21.Rxa5 Bxb5 22.Rxb5 Qf6
23.Qb3 f4 24.Bc1 g4 25.Rb7 h4 26.Rxf7 Qxf7 27.Be4 Rc8 28.Qd3 Ne7 29.b3 Rd8
30.Ba3 Kg7 31.Bb4 Ng8 32.Bf5 Nh6 33.Be6 Qg6 34.Ra1 Qxd3 35.exd3 Rb8 36.Rxa7+ Kf6
37.Ra4 Nc7 38.gxf4 Nxe6 39.dxe6 exf4 40.Bc3+ Kxe6 41.Nd2 Kf5 42.Ra5+ Kg6
43.b4 Nf7 44.h3 g3 45.Nf3 Be7 46.Bd2 Ne5 47.Nxe5+ dxe5 48.Rxe5 Bxb4 49.Bxf4 Bd6
50.Rg5+ Kf6 51.Rg4 gxf2+ 52.Kxf2 Bxf4 53.Rxf4+ Kg5 54.Rg4+ Kh5 55.Re4 Kg5
56.Ke3 Rb1 57.Rg4+ Kh5 58.Rf4 Kg5 59.Rf3 Re1+ 60.Kd2 Ra1 61.d4 Ra2+ 62.Kd3 Ra1
63.Ke4 Re1+ 64.Re3 Rg1 65.Rf3 Re1+ 66.Kd3 Ra1 67.Kc4 Rc1+ 68.Kd5 Rg1 69.Ke4 Re1+
70.Re3 Rg1 71.d5 Kf6 72.Rf3+ Ke7 73.Rf4 Kd6 74.Rf6+ Kd7 75.Rh6 Ra1 76.Ke5 Re1+
77.Kf5 Rd1 78.Rh7+ Kd6 79.Rxh4 Rxd5+ 80.Kf6 Rd3 81.Rh6 Rf3+ 82.Kg7+ Ke7  1/2-1/2

[Event "56th ch-YUG"]
[Site "Herceg Novi YUG"]
[Date "2001.03.30"]
[Round "7"]
[White "Blagojevic,D"]
[Black "Djukic,Ni"]
[Result "0-1"]
[WhiteElo "2486"]
[BlackElo "2389"]

1.d4 Nf6 2.c4 g6 3.Nf3 Bg7 4.g3 O-O 5.Bg2 d6 6.O-O Nc6 7.Nc3 a6 8.Bd2 Rb8
9.Rc1 e5 10.d5 Nd4 11.Ne1 c5 12.dxc6 bxc6 13.e3 Nf5 14.Nd3 Bd7 15.e4 Nd4
16.c5 dxc5 17.Bg5 Be6 18.Nxe5 h6 19.Be3 Nd7 20.Bxd4 Bxe5 21.Bxe5 Nxe5 22.Qc2 c4
23.Rfd1 Nd3 24.Rb1 Qa5 25.b3 cxb3 26.Qxd3 Rfd8 27.Qe3 bxa2 28.Rxd8+ Qxd8
29.Rc1 Rb1 30.Nxa2 Bxa2 31.Rxb1 Bxb1 32.Bf1 a5 33.Bc4 Qd1+ 34.Kg2 Qc2 35.Bxf7+ Kxf7
36.Qf4+ Ke6 37.Qg4+ Ke7  0-1

[Event "56th ch-YUG"]
[Site "Herceg Novi YUG"]
[Date "2001.04.03"]
[Round "11"]
[White "Blagojevic,D"]
[Black "Ilincic,Z"]
[Result "1-0"]
[WhiteElo "2486"]
[BlackElo "2542"]

1.d4 Nf6 2.c4 g6 3.Nf3 Bg7 4.g3 O-O 5.Bg2 d6 6.O-O Nbd7 7.Nc3 e5 8.h3 Re8
9.e4 exd4 10.Nxd4 Nc5 11.Re1 a5 12.b3 Bd7 13.Bf4 a4 14.Rb1 axb3 15.axb3 Qc8
16.Kh2 h6 17.f3 Nh5 18.Be3 f5 19.Qd2 Kh7 20.b4 Na4 21.Nxa4 Rxa4 22.exf5 gxf5
23.Bf2 Ra3 24.Rb3 Rxb3 25.Nxb3 Rxe1 26.Qxe1 Bf6 27.f4 Ng7 28.Na5 b5 29.c5 dxc5
30.bxc5 Qe8 31.c6 Qxe1 32.Bxe1 Bc8 33.Bf1 Ne6 34.Nb3 Ba6 35.Bd3 Kg6 36.Bf2 Bc3
37.g4 Nxf4 38.Bxf5+ Kg7 39.Nc5 b4 40.Nxa6 b3 41.Nxc7 Be5 42.Nb5  1-0

[Event "FSIMA April"]
[Site "Budapest HUN"]
[Date "2001.04.07"]
[Round "1"]
[White "Spielmann,Al"]
[Black "Pachow,J"]
[Result "1/2-1/2"]
[WhiteElo "2341"]
[BlackElo "2297"]

1.d4 Nf6 2.Nf3 g6 3.c4 Bg7 4.g3 O-O 5.Bg2 d6 6.O-O Nbd7 7.Nc3 e5 8.Qc2 exd4
9.Nxd4 a6 10.Rd1 Rb8 11.e4 Re8 12.h3 Ne5 13.c5 Qe7 14.cxd6 cxd6 15.b3 Ned7
16.Bg5 h6 17.Bf4 Ne5 18.Rac1 Bd7 19.Qd2 Kh7 20.g4 b5 21.Nd5 Nxd5 22.exd5 Rbc8
23.Bg3 f5 24.gxf5 gxf5 25.Kh2 Qf6 26.Nc6 Ng6 27.f4 Re4 28.Qf2 Rce8 29.Bxe4 fxe4
30.f5 Bxf5 31.Rf1 Rf8 32.Rcd1 Qg5 33.Bxd6 Bxh3 34.Bxf8 Bxf1 35.Rxf1 Bxf8
36.Qf5 Qd2+ 37.Rf2 Qc1 38.Ne7 Qc7+ 39.Kh1 Qxe7 40.Rc2 Qh4+ 41.Kg2 Qg5+ 42.Qxg5 hxg5
43.Rc6 Nf4+ 44.Kf2 Nxd5 45.Re6  1/2-1/2

[Event "Open"]
[Site "Metz FRA"]
[Date "2001.04.08"]
[Round "2"]
[White "Eingorn,V"]
[Black "Terraz,C"]
[Result "1-0"]
[WhiteElo "2589"]
[BlackElo "2128"]

1.d4 Nf6 2.Nf3 g6 3.c4 Bg7 4.g3 O-O 5.Bg2 d6 6.Nc3 c6 7.h3 Qa5 8.Nd2 Be6
9.e3 Qa6 10.Qa4 d5 11.b3 Qxa4 12.Nxa4 Na6 13.Ba3 Rfe8 14.Rc1 Rad8 15.O-O Bc8
16.Nf3 Ne4 17.cxd5 cxd5 18.Nc3 Nxc3 19.Rxc3 Nb8 20.Ne5 Bxe5 21.dxe5 Nc6 22.Bb2 d4
23.exd4 Nxd4 24.Re1 Nc6 25.Bc1 Be6 26.Bxc6 bxc6 27.g4 Bd5 28.Rc5 Rd7 29.Ra5 Rb8
30.Be3 Rb5 31.Ra4 Bf3 32.Bxa7 c5 33.Rc1 Rd5 34.Rac4 Ra5 35.Bxc5 Rxe5  1-0

[Event "ch-City"]
[Site "St Petersburg RUS"]
[Date "2001.04.10"]
[Round "1"]
[White "Loginov,Va"]
[Black "Utkin,Alek"]
[Result "1-0"]
[WhiteElo "2499"]
[BlackElo "2345"]

1.Nf3 Nf6 2.g3 g6 3.c4 Bg7 4.d4 O-O 5.Bg2 d6 6.O-O Nbd7 7.Qc2 e5 8.Rd1 Re8
9.dxe5 dxe5 10.e4 c6 11.h3 Qe7 12.Be3 Nf8 13.c5 Nh5 14.Nbd2 f5 15.exf5 gxf5
16.Bg5 Nf6 17.Nc4 h6 18.Bxf6 Qxf6 19.Rd6 Qe7 20.Re1 e4 21.b4 Qf7 22.Nd4 Ne6
23.Ne2 Rf8 24.Rf1 f4 25.gxf4 Nxf4 26.Nxf4 Qxf4 27.Qxe4 Qxe4 28.Bxe4 Bxh3
29.Re1 Rae8 30.Re3 Kh8 31.Rg6 Bd7 32.Nd6 Re7 33.b5 Be8 34.Rg2 cxb5 35.Bxb7 Rxe3
36.fxe3 Be5 37.Bd5 a5 38.Nxe8 Rxe8 39.Rg6 Kh7 40.Rb6 Rb8 41.Ra6 Rc8 42.c6 a4
43.Be6 Rc7 44.Bd7 Bc3 45.Kf2 Kg6 46.Ke2 Kf6 47.Kd3 Be1 48.Kd4 Ke7 49.Kd5 Bf2
50.Ra8 b4 51.Rxa4 Bxe3 52.Rxb4 Ba7 53.Rh4 Bb6 54.Re4+ Kf7 55.Rb4 Ba5 56.Ra4 Be1
57.Rf4+ Kg7 58.Rg4+ Kf6 59.Kd6 Ba5 60.Rf4+ Kg7 61.Ra4 Ra7 62.Rxa5  1-0

[Event "Israel Open Ch"]
[Site "Tel Aviv ISR"]
[Date "2001.04.10"]
[Round "2"]
[White "Vul,A"]
[Black "Stepak,Y"]
[Result "1/2-1/2"]
[WhiteElo "2453"]
[BlackElo "2276"]

1.Nf3 Nf6 2.c4 g6 3.g3 Bg7 4.d4 O-O 5.Bg2 d6 6.O-O Nc6 7.Nc3 Bf5 8.d5 Na5
9.Nd4 Bd7 10.b3 c5 11.dxc6 bxc6 12.Bb2 Rb8 13.Rb1 Qc8 14.Re1 Bh3 15.e4 Bxg2
16.Kxg2 Rd8 17.Nc2 e6 18.Ne3 c5 19.f3 Nc6 20.Qd2 Nd4 21.Ne2 e5 22.Nc3 Bh6
23.Qd3 Rb7 24.Ncd5 Nh5 25.Rf1 Bg7 26.g4 Nf6 27.Nxf6+ Bxf6 28.Nd5 Bg7 29.Bxd4 cxd4
30.b4 Rf8 31.h3 f5 32.a4 Rbf7 33.a5 Qd8 34.Kg3 Bh6 35.h4 Bf4+ 36.Nxf4 exf4+
37.Kh3 fxg4+ 38.fxg4 h5 39.Qf3 Qc8 40.Rg1 Kh7 41.Kh2 Qd8 42.Kh3 Qd7  1/2-1/2

[Event "Israel Open Ch"]
[Site "Tel Aviv ISR"]
[Date "2001.04.10"]
[Round "2"]
[White "Zifroni,D"]
[Black "Bitansky,I"]
[Result "1-0"]
[WhiteElo "2525"]
[BlackElo "2323"]

1.c4 g6 2.Nf3 Bg7 3.d4 d6 4.g3 Nf6 5.Bg2 O-O 6.Nc3 Nc6 7.O-O a6 8.Re1 Na5
9.b3 Rb8 10.Bd2 Bd7 11.Rc1 c5 12.dxc5 dxc5 13.Bf4 Rc8 14.Ne5 Be6 15.Qxd8 Rfxd8
16.Be3 b5 17.cxb5 axb5 18.Nxb5 Nd5 19.Bxd5 Rxd5 20.Nc4 Nxc4 21.Rxc4 Rdd8
22.Rxc5 Rxc5 23.Bxc5 Rd2 24.Nc7 Bd7 25.Bxe7 Be5 26.Bg5 Rc2 27.Nd5 Kg7 28.Nb4 Rc8
29.Rc1 Re8 30.Bd2 Bd6 31.Bc3+ Kh6 32.Rd1 Re6 33.Rd4 g5 34.h4 gxh4 35.Rxh4+ Kg6
36.e3 Kf5 37.Nc2 Re8 38.Rd4 Re6 39.Bb4  1-0

[Event "5th GM"]
[Site "Rijeka HUN"]
[Date "2001.04.18"]
[Round "1"]
[White "Vucic,M"]
[Black "Muslija,I"]
[Result "1-0"]
[WhiteElo "2383"]
[BlackElo "2229"]

1.d4 Nf6 2.Nf3 g6 3.c4 Bg7 4.g3 O-O 5.Bg2 d6 6.O-O c5 7.Nc3 Nc6 8.dxc5 dxc5
9.Be3 Be6 10.Qa4 Nd7 11.Ng5 Bf5 12.Bxc6 bxc6 13.Qxc6 Rb8 14.Na4 Qa5 15.Nxc5 Rfc8
16.Qd5 Nxc5 17.Qxf7+ Kh8 18.Bd4 Rg8 19.Qxe7 h6 20.Nf7+ Kh7 21.Bxc5 Rxb2 22.Bd4 Rxa2
23.Rxa2 Qxa2 24.Nxh6 Qxc4 25.Nxf5 gxf5 26.Bxa7  1-0

[Event "Open"]
[Site "Dubai UAE"]
[Date "2001.04.19"]
[Round "5"]
[White "Dizdar,G"]
[Black "Kuzmin,A"]
[Result "1/2-1/2"]
[WhiteElo "2533"]
[BlackElo "2588"]

1.d4 Nf6 2.Nf3 g6 3.c4 Bg7 4.g3 O-O 5.Bg2 d6 6.O-O Nc6 7.Nc3 a6 8.d5 Na5
9.Nd2 c5 10.Rb1 Rb8 11.b3 b5 12.Bb2 bxc4 13.bxc4 Bh6 14.Ba1 Bf5 15.e4 Bg4
16.f3 Be3+ 17.Kh1 Bd7 18.Nb3 Nxb3 19.axb3 Bd4 20.Ne2 Bxa1 21.Rxa1 a5 22.Nf4 a4
23.bxa4 Rb4 24.Qc1 Qa5 25.e5 dxe5 26.Nd3 Rxa4 27.Rxa4 Qxa4 28.Nxe5 e6 29.d6 Qa6
30.Rd1 Qb6 31.Qg5 Ba4 32.Qxf6 Bxd1 33.Ng4 h5 34.Nh6+ Kh7 35.Nxf7 Qxd6 36.h4 Bc2
37.Bh3 Qd1+ 38.Kh2 Qd2+ 39.Kh1 Qe1+ 40.Kh2 Qd2+ 41.Kh1 Qd1+  1/2-1/2

[Event "Open"]
[Site "Dubai UAE"]
[Date "2001.04.19"]
[Round "5"]
[White "Tahirov,F"]
[Black "Alavi,S"]
[Result "1/2-1/2"]
[WhiteElo "2406"]
[BlackElo "2268"]

1.Nf3 Nf6 2.c4 d6 3.d4 g6 4.g3 Bg7 5.Bg2 O-O 6.O-O Nbd7 7.Nc3 e5 8.Qc2 c6
9.Rd1 Qe7 10.b3 Re8 11.e4 exd4 12.Nxd4 Nc5 13.f3 Nh5 14.g4 Bxd4+ 15.Rxd4 Ne6
16.Rd1 Nhf4 17.Ne2 Nxg2 18.Kxg2 Ng7 19.Bb2 f5 20.gxf5 Nxf5 21.Qc3 Nh4+ 22.Kf2 Qe5
23.Rxd6 Nxf3 24.Kxf3 Qxe4+ 25.Kf2 Qxe2+ 26.Kg1 Qg4+  1/2-1/2

[Event "5th GM"]
[Site "Rijeka HUN"]
[Date "2001.04.21"]
[Round "4"]
[White "Rukavina,J"]
[Black "Ljubicic,F"]
[Result "1-0"]
[WhiteElo "2414"]
[BlackElo "2397"]

1.Nf3 g6 2.d4 Nf6 3.c4 Bg7 4.g3 O-O 5.Bg2 d6 6.O-O Nbd7 7.Qc2 c6 8.Rd1 Re8
9.Nc3 Qa5 10.Bd2 Qc7 11.e4 e5 12.d5 Nb6 13.b3 Bd7 14.Ne1 Rf8 15.Nd3 Nh5 16.dxc6 Bxc6
17.Nb4 f5 18.Nxc6 bxc6 19.c5 dxc5 20.Be3 c4 21.Bc5 Rf6 22.Qe2 f4 23.Bh3 fxg3
24.hxg3 Bf8 25.Be3 Bb4 26.Na4 Bd6 27.Nxb6 axb6 28.Qxc4+ Kh8 29.a4 Raf8 30.Ra2 Ng7
31.b4 h5 32.Bg5 Rf3 33.Rc2 Ra3 34.Qxc6 Qxc6 35.Rxc6 Bxb4 36.Rxg6 Bc5 37.Bf6 Rf7
38.Bf5 Bd4 39.Rc1 Ra1 40.Rxa1 Bxa1 41.Be6  1-0

[Event "Astral Open"]
[Site "Bucharest ROM"]
[Date "2001.04.22"]
[Round "1"]
[White "Itkis,B"]
[Black "Pribeanu,D"]
[Result "1-0"]
[WhiteElo "2442"]
[BlackElo "2105"]

1.d4 Nf6 2.Nf3 g6 3.c4 Bg7 4.g3 O-O 5.Bg2 d6 6.O-O c6 7.Nc3 Nbd7 8.e4 e5
9.Be3 Ng4 10.Bg5 f6 11.Bc1 f5 12.h3 Ngf6 13.exf5 gxf5 14.Re1 e4 15.Nh4 Nb6
16.b3 Be6 17.Bg5 d5 18.c5 Nc8 19.Qd2 Ne7 20.Ne2 Nh5 21.Rad1 Qd7 22.Bh6 f4
23.Bxg7 Kxg7 24.Nxf4 Nxf4 25.gxf4 Bxh3 26.Re3 Bxg2 27.Rg3+ Kh8 28.Kxg2 Nf5
29.Rh1 Nxg3 30.Ng6+ Kg8 31.Nxf8 Rxf8 32.fxg3 Qg4 33.Qe3 Rf6 34.Rh4 Qf5 35.Qe2  1-0

[Event "ch-URU"]
[Site "Montevideo URU"]
[Date "2001.04.24"]
[Round "4"]
[White "Riverol,J"]
[Black "Roselli Mailhe,B"]
[Result "1/2-1/2"]
[WhiteElo "2284"]
[BlackElo "2413"]

1.d4 Nf6 2.c4 g6 3.Nf3 Bg7 4.g3 O-O 5.Bg2 d6 6.Nc3 Nc6 7.O-O a6 8.Re1 Rb8
9.Rb1 Re8 10.b4 e5 11.d5 Ne7 12.e4 Rf8 13.c5 Ne8 14.Ba3 b5 15.cxb6 cxb6 16.b5 a5
17.Na4 Bd7 18.Nd2 f5 19.Nc4 Nc8 20.Bh3 f4 21.Be6+ Bxe6 22.dxe6 Qf6 23.Rb2 Kh8
24.Qg4 h5  1/2-1/2

[Event "5th GM"]
[Site "Rijeka HUN"]
[Date "2001.04.24"]
[Round "6"]
[White "Velikov,P"]
[Black "Ljubicic,F"]
[Result "1/2-1/2"]
[WhiteElo "2439"]
[BlackElo "2397"]

1.d4 g6 2.Nf3 Bg7 3.c4 d6 4.g3 Nf6 5.Bg2 O-O 6.O-O Nbd7 7.Nc3 e5 8.Qc2 Qe7
9.Rd1 exd4 10.Nxd4 Nc5 11.e4 c6 12.Bf4 Nfd7 13.b4 Bxd4 14.Rxd4 Ne6 15.Rd3 Nxf4
16.gxf4 Nb6 17.Ne2 Bg4 18.Rc1 d5 19.cxd5 cxd5 20.Ng3 Rac8 21.Qb1 Rxc1+ 22.Qxc1 dxe4
23.Nxe4 Bf5 24.Qc5 Qxc5 25.bxc5 Bxe4 26.Bxe4 Nd7 27.c6 Nc5 28.Rd4 bxc6 29.Bxc6 Rc8
30.Bb5 Ne6 31.Rb4 Rc5 32.Bd7 Rd5 33.Bxe6 fxe6 34.Kg2 Kg7 35.Kg3 Kf6 36.f3 Ke7
37.Rc4 Rb5 38.Rd4 Rf5 39.h4 Rb5 40.Ra4 a5 41.Rd4 Rf5 42.a3 Rb5  1/2-1/2

[Event "Open"]
[Site "Dubai UAE"]
[Date "2001.04.25"]
[Round "9"]
[White "Tahirov,F"]
[Black "Hamed,Ah"]
[Result "1-0"]
[WhiteElo "2406"]
[BlackElo "2331"]

1.d4 Nf6 2.c4 g6 3.Nf3 Bg7 4.g3 O-O 5.Bg2 d6 6.O-O Nbd7 7.Nc3 e5 8.Qc2 c6
9.Rd1 Qe7 10.b3 Re8 11.e4 exd4 12.Nxd4 Nc5 13.f3 a5 14.Be3 h5 15.Bf2 Nh7
16.Qd2 Ng5 17.Nde2 Qf6 18.Qf4 Qxf4 19.gxf4 Nge6 20.Rac1 Bf8 21.f5 gxf5 22.exf5 Ng5
23.Ng3 Nh7 24.Bh3 Ng5 25.Bg2 Nh7 26.Nce4 h4 27.Nh5 Nxe4 28.fxe4 h3 29.Rc3 hxg2
30.Rg3+ Kh8 31.Bd4+ f6 32.Bxf6+ Nxf6 33.Nxf6 Bh6 34.Nxe8 Bxf5 35.Nxd6 Bh7
36.Nf7+  1-0

[Event "Bank Pocztowy Open A"]
[Site "Bydgoszcz POL"]
[Date "2001.05.04"]
[Round "7"]
[White "Miton,K"]
[Black "Socko,B"]
[Result "1/2-1/2"]
[WhiteElo "2497"]
[BlackElo "2554"]

1.d4 Nf6 2.c4 g6 3.g3 Bg7 4.Bg2 d6 5.Nf3 O-O 6.O-O Nc6 7.Nc3 a6 8.b3 Rb8
9.Nd5 Bg4 10.Bb2 Nxd5 11.cxd5 Nb4 12.Ne1 c6 13.dxc6 Nxc6 14.h3 Bd7 15.Qd2 b5
16.e3 Qb6 17.Nd3 a5  1/2-1/2

[Event "54th ch-RUS"]
[Site "Elista RUS"]
[Date "2001.05.07"]
[Round "7"]
[White "Filippov,V"]
[Black "Loginov,Va"]
[Result "1-0"]
[WhiteElo "2632"]
[BlackElo "2499"]

1.Nf3 Nf6 2.c4 g6 3.d4 Bg7 4.g3 O-O 5.Bg2 d6 6.Nc3 Nc6 7.O-O e5 8.d5 Ne7
9.e4 c5 10.Ne1 Ne8 11.Nd3 f5 12.f4 exf4 13.Bxf4 fxe4 14.Nxe4 h6 15.Bd2 Rxf1+
16.Qxf1 Bf5 17.Re1 Qd7 18.Qe2 Bg4 19.Nexc5 Bxe2 20.Nxd7 Bxd3 21.Rxe7 Bxc4
22.b3 Bd3 23.Bh3 Bf5 24.g4 Bd4+ 25.Kf1 Bd3+ 26.Ke1 g5 27.Bf1 Bxf1 28.Kxf1 Rc8
29.Ke2 Nc7 30.Kd3 Nxd5 31.Re6 Bg7 32.Rxd6 Nf4+ 33.Ke4 Re8+ 34.Kf5 Kf7 35.Nf6 Re7
36.Bxf4 gxf4 37.Nd5 Be5 38.Rxh6 f3 39.Rh3 Re8 40.Rxf3 Bxh2 41.Re3 Rd8 42.Rd3 Re8
43.Nf4 Bxf4 44.Rd7+ Kf8 45.Kxf4 Re2 46.a3 Ra2 47.a4 b6 48.Kf5 Rb2 49.Kf6 Rf2+
50.Kg6 Rf3 51.Rxa7 Rxb3 52.g5 Rc3 53.Ra8+ Ke7 54.Kh7 Rh3+ 55.Kg7 Kd6 56.g6 Rh4
57.Kf6  1-0

[Event "FSIMA May"]
[Site "Budapest HUN"]
[Date "2001.05.13"]
[Round "9"]
[White "Nemeth,Z"]
[Black "Sinkovics,P"]
[Result "1/2-1/2"]
[WhiteElo "2319"]
[BlackElo "2317"]

1.Nf3 Nf6 2.g3 g6 3.Bg2 Bg7 4.d4 O-O 5.c4 d6 6.O-O Nc6 7.Nc3 a6 8.h3 Rb8
9.e4 b5 10.e5 dxe5 11.dxe5 Qxd1 12.Rxd1 Nd7 13.cxb5 axb5 14.e6 Nde5 15.Nxe5 Nxe5
16.exf7+ Nxf7 17.Be3 Be6 18.Rac1  1/2-1/2

[Event "TCh-YUG Women"]
[Site "Herceg Novi YUG"]
[Date "2001.05.14"]
[Round "1"]
[White "Shumiakina,T"]
[Black "Zozulia,A"]
[Result "1-0"]
[WhiteElo "2376"]
[BlackElo "2354"]

1.d4 Nf6 2.c4 g6 3.Nf3 Bg7 4.g3 O-O 5.Bg2 d6 6.O-O c6 7.Nc3 Qa5 8.e4 Qh5
9.e5 dxe5 10.Nxe5 Ng4 11.Nf3 Rd8 12.h3 Nf6 13.Ng5 Qxd1 14.Rxd1 Na6 15.Be3 h6
16.Nf3 Be6 17.Bf1 Rac8 18.a3 c5 19.Nb5 Bxc4 20.Bxc4 cxd4 21.Bxf7+ Kxf7 22.Bxd4 Ne4
23.Bxg7 Kxg7 24.Rxd8 Rxd8 25.Re1 Rd5 26.Nbd4 e5 27.Rxe4 exd4 28.Rxd4 Rb5
29.Rd7+ Kf6 30.b4 Nb8 31.Rd6+ Kf7 32.Nd4 Re5 33.Rd8 Na6 34.Ra8 Rd5 35.Nf3 Ke6
36.Rxa7 Rd3 37.Rxb7 Kd5 38.Kg2 Rxa3 39.Rb6 Ke4 40.Rxg6 h5 41.Rf6  1-0

[Event "TCh-YUG"]
[Site "Herceg Novi YUG"]
[Date "2001.05.19"]
[Round "6"]
[White "Ftacnik,L"]
[Black "Damljanovic,B"]
[Result "1-0"]
[WhiteElo "2618"]
[BlackElo "2574"]

1.d4 Nf6 2.Nf3 g6 3.c4 Bg7 4.g3 O-O 5.Bg2 d6 6.Nc3 c5 7.O-O Nc6 8.d5 Na5
9.Nd2 e5 10.a3 b6 11.b4 Nb7 12.e4 Bd7 13.Bb2 Qe7 14.Qc2 h5 15.Nf3 Rfc8 16.b5 Na5
17.Nb1 a6 18.a4 Bh6 19.Re1 Nh7 20.Ra3 Ra7 21.Bf1 Rca8 22.bxa6 Rxa6 23.Nc3 Nb7
24.Nb5 Bg4 25.Bg2 Rf8 26.Bc3 Na5 27.Bd2 Bxd2 28.Nxd2 h4 29.f4 Bd7 30.Nf3 hxg3
31.hxg3 Bxb5 32.axb5 Raa8 33.Bh3 Nf6 34.fxe5 dxe5 35.Qc3 Rfe8 36.Ra2 Kg7
37.Kg2 Nh7 38.Rf1 Ng5 39.d6 Qf6 40.Nxg5 Qxg5 41.Raf2 Rf8 42.Qd3 Nb7 43.Qd5 Ra3
44.Rxf7+ Kh6 45.Bg4 Ra2+ 46.Kh3 Rxf7 47.Qxf7 Nxd6 48.Qg8 Qe7 49.Qh8+ Qh7
50.Qf6 Rd2 51.Be6 Qb7 52.Qf8+ Qg7 53.Qd8 Kh7 54.Kg4  1-0

[Event "Open"]
[Site "Pula CRO"]
[Date "2001.05.21"]
[Round "4"]
[White "Hulak,K"]
[Black "Tratar,M"]
[Result "1-0"]
[WhiteElo "2564"]
[BlackElo "2410"]

1.d4 Nf6 2.c4 d6 3.Nf3 g6 4.g3 Bg7 5.Bg2 O-O 6.O-O Nbd7 7.Nc3 e5 8.e4 a6
9.d5 Qe7 10.Bd2 Kh8 11.Ne1 Ng8 12.Nd3 f5 13.Qc2 Ngf6 14.Rae1 Qf7 15.f4 fxe4
16.Nxe4 Nxe4 17.Bxe4 Qg8 18.Bc3 exf4 19.Nxf4 Ne5 20.Bxg6  1-0